An investigation into metaphor used in Harry Potter by J.K.Rowling and its Vietnamese translational equivalence

Introduction; Literature review and theoretical background; Methods and procedures...

Đã lưu trong:
書目詳細資料
主要作者: Phạm Thị Tài
其他作者: Phan Văn Hòa, Assoc.Prof.Dr. (Supervisor.)
格式: 未知
語言:English
出版: Da Nang : University of Danang, 2013.
主題:
標簽: 添加標簽
沒有標簽, 成為第一個標記此記錄!
Thư viện lưu trữ: Mạng thư viện Đại học Đà Nẵng
LEADER 02845na a2200349 4500
001 000032056
003 8039
005 20230531091754.0
008 151001s2013 000 eng
082 |a 420.8083  |b PH-T 
100 |a Phạm Thị Tài 
245 1 0 |a An investigation into metaphor used in Harry Potter by J.K.Rowling and its Vietnamese translational equivalence  |h [Thesis-Luận văn thạc sĩ] /  |c Phạm Thị Tài ; Phan Văn Hòa hướng dẫn. 
260 |a Da Nang :  |b University of Danang,  |c 2013. 
300 |a v, 84 tr. ;  |c 29 cm. +  |e 1 summary. 
500 |a Master thesis in social sciences and humanities. Field: The English language. Code: 60.22.15. 
520 3 |a Introduction; Literature review and theoretical background; Methods and procedures... 
630 0 4 |a English language. 
650 0 4 |a English language  |x Translation. 
700 1 |a Phan Văn Hòa,  |c Assoc.Prof.Dr.,  |e Supervisor. 
OWN |a LNN 
AVA |a UDN50  |b LNN  |c English  |d 420.8083 PH-T  |e available  |t Error 5001 Not defined in file expand_doc_bib_avail.  |f 1  |g 0  |h N  |i 0  |j AN  |k 1 
Z40 3 |y An investigation into metaphor used in Harry Potter by J.K.Rowling and its Vietnamese translational  |l Library of UFL  |t VIEW  |x http://catalog.udn.vn:80/F?func=service&doc_library=UDN01&local_base=UDN01&doc_number=000032056&sequence=000001&line_number=0001&func_code=DB_RECORDS&service_type=MEDIA  |f TOMTAT_000025073.pdf  |e pdf  |s 000498462  |k 20230531  |m NTMTHI 
Z40 3 |y An investigation into metaphor used in Harry Potter by J.K.Rowling and its Vietnamese translational  |l Library of UFL  |t VIEW  |x http://catalog.udn.vn:80/F?func=service&doc_library=UDN01&local_base=UDN01&doc_number=000032056&sequence=000002&line_number=0002&func_code=DB_RECORDS&service_type=MEDIA  |f TOANVAN_000025075.pdf  |e pdf  |s 000681482  |k 20230531  |m NTMTHI 
999 |a From the UDN01 
AVA |a UDN50  |b LNN  |c English  |d 420.8083 PH-T  |e available  |t Error 5001 Not defined in file expand_doc_bib_avail.  |f 1  |g 0  |h N  |i 0  |j AN  |k 1 
TYP |a Printed language 
856 |y An investigation into metaphor used in Harry Potter by J.K.Rowling and its Vietnamese translational  |l Library of UFL  |t VIEW  |x http://catalog.udn.vn:80/F?func=service&doc_library=UDN01&local_base=UDN01&doc_number=000032056&sequence=000001&line_number=0001&func_code=DB_RECORDS&service_type=MEDIA  |f TOMTAT_000025073.pdf  |e pdf  |s 000498462  |k 20230531  |m NTMTHI 
856 |y An investigation into metaphor used in Harry Potter by J.K.Rowling and its Vietnamese translational  |l Library of UFL  |t VIEW  |x http://catalog.udn.vn:80/F?func=service&doc_library=UDN01&local_base=UDN01&doc_number=000032056&sequence=000002&line_number=0002&func_code=DB_RECORDS&service_type=MEDIA  |f TOANVAN_000025075.pdf  |e pdf  |s 000681482  |k 20230531  |m NTMTHI 
980 |a Mạng thư viện Đại học Đà Nẵng